[Event "2BLS 2223 Stuttgarter SF - SG Speyer-Sc"]
[Site "?"]
[Date "2023.02.04"]
[Round "5.6"]
[White "Keilhack, Harald"]
[Black "Boguslawski, Oleg"]
[Result "0-1"]
[WhiteElo "2236"]
[BlackElo "2374"]
[PlyCount "76"]
[EventDate "2023.??.??"]

1. Nf3 Nf6 2. c4 e6 3. g3 b6 4. Bg2 Bb7 5. O-O Be7 6. Nc3 O-O 7. d4 d5 8. Ne5 c6 9. e4 dxc4 10. Nxc4 Ba6 11. b3 b5 12. Ne5 Qc8 13. Bb2 b4 14. Ne2 Nbd7 15. Nc4 Nb6 16. Na5 Bb5 17. a4 bxa3 18. Bxa3 Bxa3 19. Rxa3 c5 20. Re1 Rd8 21. d5 exd5 22. exd5 Nbxd5 23. Qa1 Rb8 24. Nc3 Nxc3 25. Qxc3 Rd3 26. Qc2 Rd4 27. Nc4 a6 28. Ne3 Bd3 29. Qc3 Ne4 30. Qa5 g6 31. Rc1 Rb5 32. Qxa6 Qxa6 33. Rxa6 Rxb3 34. Rc6 Nc3 35. Bf1 Bxf1 36. Kxf1 Ne4 37. Rc2 h5 38. h4 Nxg3+ 0-1

[Event "2BLS 2223 Stuttgarter SF - SG Speyer-Sc"]
[Site "?"]
[Date "2023.02.04"]
[Round "5.7"]
[White "Bodrozic, Tomislav"]
[Black "Fritsch, Rolf"]
[Result "1/2-1/2"]
[WhiteElo "2348"]
[BlackElo "2192"]
[PlyCount "98"]
[EventDate "2023.??.??"]

1. e4 d6 2. d4 Nf6 3. Nc3 e5 4. Nf3 Nbd7 5. Bc4 Be7 6. a4 O-O 7. O-O a5 8. h3 c6 9. Be3 h6 10. Re1 Re8 11. Qd2 Bf8 12. Rad1 Qc7 13. Ba2 Nb6 14. Qc1 Be6 15. Bxe6 Rxe6 16. d5 Ree8 17. Nh4 Nc4 18. Nf5 Rac8 19. Re2 Kh7 20. b3 Nxe3 21. Nxe3 Nd7 22. Qd2 Nb6 23. Nb1 Ra8 24. Na3 Red8 25. Nec4 Nxc4 26. Nxc4 Be7 27. Qd3 b5 28. Nb2 bxa4 29. Nxa4 c5 30. Ra1 Rdb8 31. Nb2 Rb4 32. Ra4 Rxa4 33. Nxa4 Qb7 34. Qc4 Rb8 35. f3 Qb4 36. Qxb4 axb4 37. Kf2 h5 38. Ke3 h4 39. Kd3 Kg6 40. Re1 Kg5 41. Ke3 g6 42. Ra1 Ra8 43. Ra2 Bf8 44. c3 bxc3 45. Nxc3 Rb8 46. Rb2 Bh6 47. Na2 Kh5+ 48. Kd3 Kg5 49. Ke3 Kh5+ 1/2-1/2

[Event "2BLS 2223 Stuttgarter SF - SG Speyer-Sc"]
[Site "?"]
[Date "2023.02.04"]
[Round "5.8"]
[White "Lorscheid, Gerhard"]
[Black "Hauck, Heiko"]
[Result "1-0"]
[WhiteElo "2134"]
[BlackElo "2088"]
[PlyCount "65"]
[EventDate "2023.??.??"]

1. Nf3 d5 2. c4 e6 3. b3 f5 4. Bb2 Nf6 5. g3 Bd6 6. Bg2 O-O 7. O-O Qe8 8. d3 Nbd7 9. Nc3 c6 10. e4 dxe4 11. dxe4 Bc7 12. exf5 exf5 13. Ba3 Ne4 14. Qc2 Nd6 15. Rad1 Rf6 16. Rfe1 Qh5 17. c5 Nf7 18. Re8+ Nf8 19. Qe2 Re6 20. Qxe6 Bxe6 21. Rxa8 f4 22. Re1 Nd8 23. Nd4 Bg4 24. Re7 fxg3 25. hxg3 Nd7 26. b4 Kf8 27. Re1 Ne5 28. Ne4 Bh3 29. Bxh3 Qxh3 30. Nd6 Qh5 31. Bb2 Nd3 32. Ne6+ Ke7 33. Nf5+ 1-0

[Event "2BLS 2223 SC Eppingen - SV 1947 Walldor"]
[Site "?"]
[Date "2023.02.04"]
[Round "5.1"]
[White "Aczel, Gergely"]
[Black "Acs, Peter"]
[Result "1/2-1/2"]
[WhiteElo "2511"]
[BlackElo "2573"]
[PlyCount "39"]
[EventDate "2023.??.??"]

1. d4 Nf6 2. c4 e6 3. Nc3 Bb4 4. e3 O-O 5. Bd2 d5 6. Nf3 Re8 7. Bd3 c5 8. a3 Bxc3 9. Bxc3 cxd4 10. Nxd4 e5 11. Ne2 Nc6 12. O-O Bg4 13. cxd5 Qxd5 14. f3 Be6 15. Bc2 Qb5 16. Rf2 Rad8 17. Qc1 Bb3 18. Ng3 Nd5 19. Be4 Qb6 20. Kf1 1/2-1/2

[Event "2BLS 2223 SC Eppingen - SV 1947 Walldor"]
[Site "?"]
[Date "2023.02.04"]
[Round "5.2"]
[White "Noe, Christopher"]
[Black "Gschnitzer, Adrian"]
[Result "1-0"]
[WhiteElo "2516"]
[BlackElo "2428"]
[PlyCount "103"]
[EventDate "2023.??.??"]

1. Nf3 d5 2. e3 Nf6 3. c4 e6 4. Nc3 Bd6 5. b3 O-O 6. Bb2 Nbd7 7. d4 b6 8. Bd3 Bb7 9. O-O a6 10. Qe2 Ne4 11. Qc2 f5 12. Ne2 c5 13. Rac1 Qc7 14. cxd5 exd5 15. Ng3 Rae8 16. dxc5 bxc5 17. Nh4 g6 18. Nf3 Rc8 19. Ne2 Ne5 20. Nxe5 Bxe5 21. Bxe5 Qxe5 22. Rfd1 Kg7 23. Bxe4 fxe4 24. Qc3 Qf6 25. Nf4 d4 26. Qa5 d3 27. Rxc5 Rxc5 28. Qxc5 Rc8 29. Qb4 Qf7 30. h4 Kg8 31. Qd6 Qc7 32. Qf6 Qf7 33. Qd4 Qg7 34. Qb4 Qd7 35. Kh2 Rc2 36. Kg3 h5 37. Kh2 Rxf2 38. Qb6 Qf7 39. Qd6 Kh7 40. Rc1 Rc2 41. Rf1 Bc8 42. Nxh5 Qxf1 43. Nf6+ Qxf6 44. Qxf6 d2 45. Qe7+ Kh6 46. Qd8 Kh7 47. Kg3 a5 48. Kf4 Ba6 49. Qd7+ Kh6 50. g4 g5+ 51. Kf5 Bc8 52. hxg5# 1-0

[Event "2BLS 2223 SC Eppingen - SV 1947 Walldor"]
[Site "?"]
[Date "2023.02.04"]
[Round "5.3"]
[White "Muckle, Julius"]
[Black "Hacker, Jonas"]
[Result "1/2-1/2"]
[WhiteElo "2405"]
[BlackElo "2444"]
[PlyCount "119"]
[EventDate "2023.??.??"]

1. d4 Nf6 2. c4 e6 3. Nf3 d5 4. Bf4 Bb4+ 5. Nc3 dxc4 6. Qa4+ Nc6 7. a3 Bxc3+ 8. bxc3 Nd5 9. Bd2 Nb6 10. Qc2 Qe7 11. e4 Bd7 12. Be2 Na5 13. O-O Ba4 14. Qb2 Nb3 15. Rab1 Bb5 16. Be3 a5 17. d5 O-O 18. dxe6 Qxe6 19. Nd4 Nxd4 20. cxd4 Ba6 21. Qc2 Rfe8 22. Bf3 Qg6 23. Rfc1 Rad8 24. Qc3 Rxe4 25. Bxe4 Qxe4 26. Qxa5 Nd5 27. Re1 Qg6 28. Bd2 h6 29. Rbc1 Qd3 30. Bc3 Rd6 31. Bb4 Rd8 32. g3 c3 33. Re5 b6 34. Qa4 Bb5 35. Qd1 Qxd1+ 36. Rxd1 c2 37. Rc1 Bd3 38. Bd2 c6 39. f4 Ra8 40. Bb4 Ra4 41. Re8+ Kh7 42. Kf2 f5 43. Re6 c5 44. dxc5 bxc5 45. Bxc5 Nc3 46. Be3 Rxa3 47. Bd2 Ne4+ 48. Ke1 Rb3 49. Rc6 Rb1 50. Be3 Kg8 51. Rc8+ Kf7 52. Rd8 Rb3 53. Rc8 Bb5 54. Bf2 Bd3 55. Bd4 Rb1 56. Rc7+ Ke6 57. Be3 g6 58. Rc6+ Kf7 59. Rc7+ Ke6 60. Rc6+ 1/2-1/2

[Event "2BLS 2223 SC Eppingen - SV 1947 Walldor"]
[Site "?"]
[Date "2023.02.04"]
[Round "5.4"]
[White "Medvegy, Zoltan"]
[Black "Faerber, David"]
[Result "1-0"]
[WhiteElo "2508"]
[BlackElo "2379"]
[PlyCount "179"]
[EventDate "2023.??.??"]

1. c4 Nf6 2. Nc3 e5 3. Nf3 Nc6 4. e3 g6 5. d4 d6 6. b3 Bg7 7. dxe5 Nxe5 8. Nxe5 dxe5 9. Qxd8+ Kxd8 10. Ba3 Bf8 11. O-O-O+ Bd7 12. Bb2 Bd6 13. Be2 Ke7 14. Nb5 Ne4 15. Rhf1 a5 16. f3 Nc5 17. Kc2 Rhd8 18. g4 f6 19. h4 Ne6 20. Nxd6 cxd6 21. f4 Nc5 22. Kc1 h6 23. g5 hxg5 24. hxg5 fxg5 25. fxe5 Bf5 26. Rd5 Ne4 27. Bf3 Ke8 28. Bxe4 Bxe4 29. Rd4 d5 30. Rg1 Rac8 31. Bc3 b5 32. Bxa5 Rd7 33. Kb2 bxc4 34. Rxg5 cxb3 35. Kxb3 Rc1 36. a3 Rb7+ 37. Rb4 Rb1+ 38. Ka2 Kd7 39. Rxb7+ Rxb7 40. Bc3 Bb1+ 41. Ka1 Rb3 42. Bd4 Bd3 43. Bb2 Bf5 44. Rg3 d4 45. Bxd4 Rxa3+ 46. Kb2 Ra8 47. Kb3 Rc8 48. Rg1 Be4 49. Kb4 Rc6 50. Rg4 Bd5 51. Bc5 Bf7 52. Rg1 Bd5 53. Rg4 Bf7 54. Bd6 Rc8 55. Kb5 Rc3 56. Ra4 Be8 57. Ra7+ Kd8+ 58. Kb6 Rc6+ 59. Ka5 Bd7 60. Rb7 Ke8 61. Rb2 Be6 62. Rh2 Bf7 63. Rh7 Bc4 64. Rg7 Bd3 65. Kb4 Rc4+ 66. Kb3 Rc6 67. Kb4 Rc4+ 68. Kb3 Rc6 69. Bb4 Bc4+ 70. Kc3 Be6+ 71. Kd3 Bc4+ 72. Kd4 Bf7 73. Bd6 Rc4+ 74. Kd3 Rc6 75. Ke4 Rc4+ 76. Kd3 Rc6 77. e4 Bc4+ 78. Ke3 g5 79. Kf3 Bd3 80. Rxg5 Rc4 81. e6 Bxe4+ 82. Kf4 Bh7+ 83. Ke5 Re4+ 84. Kd5 Rh4 85. Rg7 Rh5+ 86. Kc6 Rh1 87. Bc5 Be4+ 88. Kd6 Rd1+ 89. Kc7 Bh7 90. Re7+ 1-0

[Event "2BLS 2223 SC Eppingen - SV 1947 Walldor"]
[Site "?"]
[Date "2023.02.04"]
[Round "5.5"]
[White "Vonthron, Horst"]
[Black "Gibicar, Danijel"]
[Result "1-0"]
[WhiteElo "2356"]
[BlackElo "2301"]
[PlyCount "109"]
[EventDate "2023.??.??"]

1. d4 Nf6 2. Nf3 g6 3. c4 c5 4. Nc3 cxd4 5. Nxd4 Bg7 6. e4 Nc6 7. Be3 Ng4 8. Qxg4 Nxd4 9. Qd1 e5 10. Bd3 O-O 11. O-O d6 12. Qd2 Be6 13. Ne2 Rc8 14. b3 a6 15. Nxd4 exd4 16. Bg5 Qb6 17. f4 f5 18. Rae1 Rce8 19. h3 Qc6 20. g4 Qd7 21. exf5 gxf5 22. Qc2 h6 23. gxf5 hxg5 24. fxe6 Qe7 25. Bh7+ Kh8 26. f5 Bf6 27. Bg6 Rc8 28. Qe2 Kg7 29. Bh5 Rh8 30. Bg4 Rc5 31. b4 Rc7 32. Rc1 Rhc8 33. Bf3 b5 34. Bd5 bxc4 35. Rxc4 Rxc4 36. Bxc4 Rh8 37. Rf3 Qa7 38. Qd3 a5 39. b5 Qc5 40. a4 Rc8 41. Bb3 Qb4 42. Qe4 Rc1+ 43. Kg2 d5 44. Qe2 Rb1 45. Bc2 Re1 46. Qd3 Qb2 47. Rf2 Re3 48. Qd1 Kh6 49. Re2 Rc3 50. e7 Bxe7 51. Re6+ Kg7 52. Rxe7+ Kf8 53. Re2 Qb4 54. Qe1 Rxc2 55. Qxb4+ 1-0

[Event "2BLS 2223 SC Eppingen - SV 1947 Walldor"]
[Site "?"]
[Date "2023.02.04"]
[Round "5.6"]
[White "Cofmann, Veaceslav"]
[Black "Gschnitzer, Oswald"]
[Result "0-1"]
[WhiteElo "2292"]
[BlackElo "2343"]
[PlyCount "134"]
[EventDate "2023.??.??"]

1. d4 Nf6 2. c4 e6 3. Nf3 b6 4. a3 Ba6 5. Qc2 Bb7 6. Nc3 c5 7. e4 cxd4 8. Nxd4 Bc5 9. Nb3 Nc6 10. Bf4 e5 11. Bg5 h6 12. Bxf6 Qxf6 13. Nb5 O-O 14. Nxc5 bxc5 15. Bd3 a6 16. Nc3 Nd4 17. Qd1 a5 18. O-O Ra6 19. Nb5 Nxb5 20. cxb5 Rd6 21. Qe2 Rd4 22. Rac1 Rc8 23. f3 d5 24. exd5 Bxd5 25. Be4 Bxe4 26. fxe4 Qb6 27. Kh1 Qb7 28. Rfe1 a4 29. Rc3 c4 30. Rg3 Rcd8 31. Qg4 g6 32. h4 Qxb5 33. Qf5 R4d6 34. Rf1 R8d7 35. h5 g5 36. Rff3 Qc5 37. Kh2 Re6 38. Rf1 Qe7 39. Rc3 Rd4 40. Rcf3 Rd7 41. Rc3 Rc6 42. Rcf3 Qe6 43. Qxe6 Rxe6 44. Rc1 Rd4 45. Re3 Rf6 46. Rec3 Rf4 47. Rxc4 Rfxe4 48. Rxd4 Rxd4 49. Kg3 Kg7 50. Kf3 g4+ 51. Kg3 f5 52. Rc6 Rd3+ 53. Kh4 Rd2 54. Rg6+ Kh7 55. Rf6 Rf2 56. Kg3 Rf1 57. Ra6 e4 58. Rg6 e3 59. Re6 Kg7 60. Kh4 Re1 61. Kg3 Kf7 62. Re5 Kf6 63. Re8 Rf1 64. Kh4 Rh1+ 65. Kg3 Kg5 66. Re5 Rxh5 67. Re8 f4# 0-1

[Event "2BLS 2223 SC Eppingen - SV 1947 Walldor"]
[Site "?"]
[Date "2023.02.04"]
[Round "5.7"]
[White "Fichter, Fabian"]
[Black "Mann, Christian"]
[Result "1/2-1/2"]
[WhiteElo "2274"]
[BlackElo "2397"]
[PlyCount "75"]
[EventDate "2023.??.??"]

1. e4 e6 2. d4 d5 3. Bd3 dxe4 4. Bxe4 Nf6 5. Bf3 c5 6. Ne2 Nc6 7. Be3 cxd4 8. Nxd4 Ne5 9. Nc3 Bb4 10. Ndb5 Nxf3+ 11. Qxf3 O-O 12. a3 Bxc3+ 13. Nxc3 Qc7 14. Bf4 Qc4 15. O-O-O Bd7 16. Be5 Bc6 17. Qg3 Qg4 18. Bxf6 Qxg3 19. hxg3 gxf6 20. Rh2 Kg7 21. g4 Rad8 22. Rdh1 Rh8 23. f3 Rd7 24. Ne2 Rd6 25. Ng3 Rd4 26. Ne2 Rc4 27. b3 Rc5 28. Ng3 Rg5 29. Nh5+ Kg6 30. Nf4+ Kg7 31. Nh5+ Kg6 32. Nf4+ Kg7 33. Kb2 Re5 34. a4 a5 35. Nh5+ Kg6 36. Nf4+ Kg7 37. Nh5+ Kg6 38. Nf4+ 1/2-1/2

[Event "2BLS 2223 SC Eppingen - SV 1947 Walldor"]
[Site "?"]
[Date "2023.02.04"]
[Round "5.8"]
[White "Hamid, Emran"]
[Black "Hauser, Carlos"]
[Result "0-1"]
[WhiteElo "2183"]
[BlackElo "2223"]
[PlyCount "116"]
[EventDate "2023.??.??"]

1. e4 c5 2. Nf3 Nc6 3. Bb5 g6 4. O-O Bg7 5. c3 Nf6 6. Re1 O-O 7. d4 cxd4 8. cxd4 d5 9. e5 Ne4 10. Nc3 Nxc3 11. bxc3 Na5 12. h3 Bd7 13. Bd3 Rc8 14. Bd2 Nc4 15. Qb3 b5 16. Bf4 Qa5 17. Rac1 Rc6 18. Qb4 Qxb4 19. cxb4 Rfc8 20. Nd2 Nxe5 21. Rxc6 Nxc6 22. Bxb5 Be6 23. Bxc6 Rxc6 24. Be3 Rc2 25. a4 Bf5 26. b5 Ra2 27. Rc1 Rxa4 28. g4 Be6 29. Nf3 f6 30. Rc7 Kf7 31. Kg2 Ra3 32. g5 Bf5 33. Kg3 Be4 34. Nd2 fxg5 35. Nxe4 dxe4 36. Kg2 Ke6 37. Bxg5 Bxd4 38. Rxe7+ Kd5 39. Rxh7 Ra2 40. Rd7+ Kc4 41. Kg3 Bxf2+ 42. Kf4 e3 43. Kf3 Bg1 44. Rd1 Rf2+ 45. Ke4 e2 46. Re1 Rf8 47. Rxe2 Re8+ 48. Kf3 Rxe2 49. Kxe2 Kxb5 50. Kd3 a5 51. Kc3 a4 52. Bf6 Bc5 53. Bg7 Bb4+ 54. Kb2 Be7 55. Kc3 Kc5 56. Bh8 Kd5 57. Kd3 Bd6 58. Bb2 a3 0-1

[Event "2BLS 2223 SF Bad Mergentheim - SV 1920 "]
[Site "?"]
[Date "2023.02.05"]
[Round "6.1"]
[White "Sumets, Andrey"]
[Black "Kazakouski, Valery"]
[Result "1/2-1/2"]
[WhiteElo "2513"]
[BlackElo "2531"]
[PlyCount "50"]
[EventDate "2023.??.??"]

1. d4 d5 2. c4 c6 3. cxd5 cxd5 4. Nc3 Nf6 5. Nf3 Nc6 6. Bf4 a6 7. Rc1 Bf5 8. e3 e6 9. Qb3 Bd6 10. Qxb7 Na5 11. Qxa8 Qxa8 12. Bxd6 Nc4 13. Bxc4 dxc4 14. O-O Ne4 15. Ba3 f6 16. Na4 c3 17. Nxc3 Kf7 18. Nh4 Nxc3 19. Rxc3 Rc8 20. Nxf5 exf5 21. Rfc1 Rxc3 22. Rxc3 Qe4 23. Rc7+ Kg8 24. Rc8+ Kf7 25. Rc7+ Kg8 1/2-1/2

[Event "2BLS 2223 SF Bad Mergentheim - SV 1920 "]
[Site "?"]
[Date "2023.02.05"]
[Round "6.2"]
[White "Rakotomaharo, Fy Antenaina"]
[Black "Shneider, Aleksandr"]
[Result "1-0"]
[WhiteElo "2451"]
[BlackElo "2499"]
[PlyCount "65"]
[EventDate "2023.??.??"]

1. e4 c5 2. Nf3 d6 3. d4 cxd4 4. Nxd4 Nf6 5. Nc3 a6 6. Bd3 g6 7. Be2 Bg7 8. Be3 O-O 9. h4 Nc6 10. h5 Nxd4 11. Bxd4 Qa5 12. hxg6 hxg6 13. Qd3 e5 14. Be3 Be6 15. Bd2 Qc7 16. Qg3 d5 17. Qh4 Rfd8 18. Bg5 Ne8 19. Be7 f6 20. Qh7+ Kf7 21. Bxd8 Rxd8 22. exd5 Bf5 23. g4 Bxc2 24. Kd2 b5 25. Kxc2 b4 26. Bd3 bxc3 27. b3 e4 28. Be2 Qf4 29. Rad1 Qxf2 30. Rh2 Qf4 31. d6 Nxd6 32. Rxd6 Rxd6 33. Bc4+ 1-0

[Event "2BLS 2223 SF Bad Mergentheim - SV 1920 "]
[Site "?"]
[Date "2023.02.05"]
[Round "6.3"]
[White "Ginsburg, Gennadi"]
[Black "Ikonnikov, Vyacheslav"]
[Result "1/2-1/2"]
[WhiteElo "2397"]
[BlackElo "2485"]
[PlyCount "81"]
[EventDate "2023.??.??"]

1. e4 c5 2. Nf3 Nc6 3. d4 cxd4 4. Nxd4 e5 5. Nb5 d6 6. c4 Be7 7. N1c3 a6 8. Na3 Be6 9. Nc2 Bg5 10. Be2 Bxc1 11. Rxc1 Nf6 12. O-O O-O 13. Qd2 Qb8 14. Rfd1 Rd8 15. Qe3 Qa7 16. Qxa7 Nxa7 17. f3 Rac8 18. b3 Kf8 19. Kf2 g6 20. g4 h6 21. h4 Nc6 22. Rd2 Ne8 23. Rcd1 Rc7 24. Bd3 Rb8 25. Ne3 Ne7 26. Rh1 b5 27. h5 Kg7 28. Kg3 Nf6 29. Be2 Nc8 30. Ncd5 Bxd5 31. Nxd5 Nxd5 32. Rxd5 bxc4 33. Bxc4 Rc6 34. Rd2 Ne7 35. Rdh2 Rh8 36. Rd1 gxh5 37. Rxh5 Ng6 38. Rf5 Rf8 39. Rh1 Nf4 40. Rh2 f6 41. Rd2 1/2-1/2

[Event "2BLS 2223 SF Bad Mergentheim - SV 1920 "]
[Site "?"]
[Date "2023.02.05"]
[Round "6.4"]
[White "Neuman, Petr"]
[Black "Gurevich, Vladimir"]
[Result "1/2-1/2"]
[WhiteElo "2403"]
[BlackElo "2452"]
[PlyCount "47"]
[EventDate "2023.??.??"]

1. d4 Nf6 2. c4 e6 3. Nc3 Bb4 4. Qc2 O-O 5. a3 Bxc3+ 6. Qxc3 Ne4 7. Qc2 f5 8. Nh3 d6 9. f3 Nf6 10. e3 e5 11. dxe5 dxe5 12. Nf2 Nc6 13. Be2 a5 14. O-O Be6 15. b3 Qe7 16. Bb2 Nd7 17. Bc3 Qf7 18. Bd2 Nb6 19. Rac1 Rfd8 20. Rfd1 Qe7 21. Qb2 Qf7 22. Qc2 Qe7 23. Qb2 Qf7 24. Qc2 1/2-1/2

[Event "2BLS 2223 SF Bad Mergentheim - SV 1920 "]
[Site "?"]
[Date "2023.02.05"]
[Round "6.5"]
[White "Womacka, Mathias"]
[Black "Vlasak, Lukas"]
[Result "1/2-1/2"]
[WhiteElo "2409"]
[BlackElo "2458"]
[PlyCount "30"]
[EventDate "2023.??.??"]

1. e4 c5 2. Nf3 d6 3. d4 cxd4 4. Nxd4 Nf6 5. Nc3 Nc6 6. Be2 g6 7. Be3 Bg7 8. O-O O-O 9. Qd2 d5 10. exd5 Nxd5 11. Nxc6 bxc6 12. Rad1 Qc7 13. Nxd5 cxd5 14. Qxd5 Be6 15. Qc5 Qxc5 1/2-1/2

[Event "2BLS 2223 SF Bad Mergentheim - SV 1920 "]
[Site "?"]
[Date "2023.02.05"]
[Round "6.6"]
[White "Razafindratsima, Timothe"]
[Black "Laux, Dominik"]
[Result "1-0"]
[WhiteElo "2455"]
[BlackElo "2287"]
[PlyCount "61"]
[EventDate "2023.??.??"]

1. e4 c5 2. Nf3 d6 3. d4 cxd4 4. Nxd4 Nf6 5. Nc3 Nc6 6. Bg5 e6 7. Bb5 Bd7 8. Qd3 a6 9. Bxc6 bxc6 10. O-O-O Be7 11. Nb3 h6 12. Bxf6 gxf6 13. f4 Qb6 14. Rhe1 Qa7 15. f5 O-O-O 16. Qc4 Kb7 17. fxe6 fxe6 18. Nd4 e5 19. Ne6 Bxe6 20. Qxe6 Ka8 21. Rd3 Rb8 22. Nd1 Rb7 23. Rc3 f5 24. Rxc6 fxe4 25. Qc4 Rb6 26. Rc7 Rb7 27. Qxe4 Kb8 28. Rc6 Rf8 29. Qc4 Rb6 30. Rf1 Rxf1 31. Rc8+ 1-0

[Event "2BLS 2223 SF Bad Mergentheim - SV 1920 "]
[Site "?"]
[Date "2023.02.05"]
[Round "6.7"]
[White "Zude, Arno"]
[Black "Gasthofer, Alexander"]
[Result "1/2-1/2"]
[WhiteElo "2346"]
[BlackElo "2403"]
[PlyCount "67"]
[EventDate "2023.??.??"]

1. e4 c6 2. d4 d5 3. Nd2 dxe4 4. Nxe4 Nf6 5. Nxf6+ exf6 6. c3 Bd6 7. Bd3 O-O 8. Qc2 Re8+ 9. Ne2 h5 10. Be3 Na6 11. O-O h4 12. h3 Nc7 13. c4 Ne6 14. d5 Nc5 15. Bh7+ Kh8 16. Rfd1 Rxe3 17. fxe3 Qe7 18. dxc6 g6 19. Bxg6 fxg6 20. Qxg6 Qxe3+ 21. Kh1 Ne4 22. Rxd6 Nxd6 23. Qxf6+ Kg8 24. Qxd6 Qxe2 25. Qd8+ Kf7 26. Qc7+ Qe7 27. Rf1+ Ke8 28. cxb7 Bxb7 29. Qa5 Kd7 30. Rd1+ Kc8 31. Qf5+ Kc7 32. Qf4+ Kc8 33. Qf5+ Kc7 34. Qf4+ 1/2-1/2

[Event "2BLS 2223 SF Bad Mergentheim - SV 1920 "]
[Site "?"]
[Date "2023.02.05"]
[Round "6.8"]
[White "Raps, Johannes"]
[Black "Brendel, Oliver"]
[Result "1/2-1/2"]
[WhiteElo "2100"]
[BlackElo "2346"]
[PlyCount "45"]
[EventDate "2023.??.??"]

1. d4 Nf6 2. Nf3 g6 3. g3 Bg7 4. Bg2 d5 5. O-O O-O 6. b3 c5 7. Bb2 cxd4 8. Bxd4 Nc6 9. Bb2 Re8 10. c4 dxc4 11. bxc4 Qxd1 12. Rxd1 Be6 13. Na3 Na5 14. Ng5 Nxc4 15. Nxe6 Nxb2 16. Nxg7 Red8 17. Rxd8+ Rxd8 18. Ne6 fxe6 19. Bxb7 Kf7 20. Rc1 Rb8 21. Bf3 e5 22. Bc6 Ke6 23. Rc2 1/2-1/2

[Event "2BLS 2223 Heilbronner SV - SF Heideshei"]
[Site "?"]
[Date "2023.02.05"]
[Round "6.1"]
[White "Perske, Thore"]
[Black "Wenninger, Philipp"]
[Result "1-0"]
[WhiteElo "2434"]
[BlackElo "2385"]
[PlyCount "97"]
[EventDate "2023.??.??"]

1. e4 c6 2. d4 d5 3. e5 c5 4. dxc5 e6 5. a3 Bxc5 6. Nf3 f6 7. b4 Be7 8. Bb2 Nd7 9. c4 Nxe5 10. Nxe5 fxe5 11. cxd5 Nf6 12. Bb5+ Bd7 13. Bxd7+ Qxd7 14. dxe6 Qxe6 15. Qa4+ Kf7 16. Nd2 Bd6 17. Qb5 Rhf8 18. Qxb7+ Kg8 19. O-O Rac8 20. Rac1 Rxc1 21. Rxc1 e4 22. Bxf6 Qxf6 23. Qd5+ Kh8 24. Nxe4 Qf4 25. Rc6 Qxh2+ 26. Kf1 Be7 27. Qe6 Qh5 28. Ng3 Qd1+ 29. Qe1 Qd3+ 30. Kg1 Bh4 31. Rc3 Qd7 32. Qe2 Bxg3 33. Rxg3 h6 34. Re3 Qd4 35. Re8 Rxe8 36. Qxe8+ Kh7 37. Qe1 Qd3 38. Qc1 a6 39. Kh2 Qd6+ 40. Kg1 Qd3 41. Kh2 Qd6+ 42. g3 Qd3 43. Qe3 Qc4 44. Qc5 Qe4 45. a4 Qg4 46. b5 Qxa4 47. Qf5+ Kh8 48. Qc8+ Kh7 49. b6 1-0

[Event "2BLS 2223 Heilbronner SV - SF Heideshei"]
[Site "?"]
[Date "2023.02.05"]
[Round "6.2"]
[White "Baenziger, Fabian"]
[Black "Carow, Johannes"]
[Result "1/2-1/2"]
[WhiteElo "2408"]
[BlackElo "2443"]
[PlyCount "46"]
[EventDate "2023.??.??"]

1. d4 d5 2. c4 dxc4 3. Nf3 Nf6 4. e3 e6 5. Bxc4 a6 6. O-O b5 7. Be2 Bb7 8. a4 b4 9. b3 Nbd7 10. Bb2 c5 11. Nbd2 Be7 12. Nc4 O-O 13. Rc1 Bd5 14. Nfe5 cxd4 15. Bxd4 Rc8 16. Qc2 Nxe5 17. Bxe5 Nd7 18. Bd4 Bf6 19. Qb2 Bxd4 20. Qxd4 Nc5 21. Nd2 Qa5 22. Nc4 Qc7 23. Nd2 Qa5 1/2-1/2

[Event "2BLS 2223 Heilbronner SV - SF Heideshei"]
[Site "?"]
[Date "2023.02.05"]
[Round "6.3"]
[White "Wilhelm, Till"]
[Black "Stijve, Theo"]
[Result "1-0"]
[WhiteElo "2350"]
[BlackElo "2338"]
[PlyCount "51"]
[EventDate "2023.??.??"]

1. e4 e5 2. Nf3 Nc6 3. Bb5 a6 4. Ba4 f5 5. d4 exd4 6. e5 b5 7. Bb3 Bb7 8. O-O Na5 9. Bxg8 Rxg8 10. Nxd4 Qh4 11. Nxf5 Qe4 12. Ne3 O-O-O 13. Re1 Bc5 14. Nc3 Qxe5 15. Ned5 Bxf2+ 16. Kxf2 Qxh2 17. Bf4 Rgf8 18. Qf3 Qh4+ 19. Qg3 Qh5 20. Kg1 Bxd5 21. Bxc7 Bxg2 22. Kxg2 Nc6 23. Bxd8 Nxd8 24. Re5 Qf7 25. Rc5+ Nc6 26. Nd5 1-0

[Event "2BLS 2223 Heilbronner SV - SF Heideshei"]
[Site "?"]
[Date "2023.02.05"]
[Round "6.4"]
[White "Fecker, Noah"]
[Black "Hinrichs, Paul"]
[Result "1/2-1/2"]
[WhiteElo "2402"]
[BlackElo "2212"]
[PlyCount "51"]
[EventDate "2023.??.??"]

1. e4 e5 2. Nf3 Nc6 3. Bb5 a6 4. Ba4 Nf6 5. O-O Be7 6. d3 b5 7. Bb3 d6 8. c3 O-O 9. a4 Bb7 10. Re1 Re8 11. Nbd2 Bf8 12. Nf1 Nb8 13. Ng3 Nbd7 14. d4 c5 15. Ng5 c4 16. Bc2 d5 17. dxe5 Nxe5 18. exd5 h6 19. N5e4 Nxe4 20. Bxe4 Nd3 21. Bxd3 Rxe1+ 22. Qxe1 cxd3 23. Qe4 Qxd5 24. Qxd5 Bxd5 25. axb5 Re8 26. Be3 1/2-1/2

[Event "2BLS 2223 Heilbronner SV - SF Heideshei"]
[Site "?"]
[Date "2023.02.05"]
[Round "6.5"]
[White "Foerster, Erik"]
[Black "Zuferi, Enis"]
[Result "0-1"]
[WhiteElo "2173"]
[BlackElo "2365"]
[PlyCount "80"]
[EventDate "2023.??.??"]

1. d4 Nf6 2. g3 g6 3. Bg2 d5 4. Nf3 Bg7 5. O-O O-O 6. c4 c6 7. cxd5 cxd5 8. Ne5 Bf5 9. Nc3 Ne4 10. Qb3 Nc6 11. Nxc6 bxc6 12. Nxe4 dxe4 13. Rd1 Qb6 14. Qxb6 axb6 15. h3 h5 16. Be3 Rfd8 17. a3 Rd6 18. Rd2 Rad8 19. Rad1 e5 20. dxe5 Rxd2 21. Rxd2 Rxd2 22. Bxd2 Bxe5 23. Bc3 Bxc3 24. bxc3 Kf8 25. Kf1 Ke7 26. Ke1 Kd6 27. Kd2 Kc5 28. e3 g5 29. Kc2 h4 30. gxh4 gxh4 31. Kb2 Be6 32. Kc2 f5 33. a4 Bc4 34. Kb2 Be2 35. Kb3 Bd3 36. Ka3 Kc4 37. Kb2 Be2 38. Kc2 c5 39. Kd2 Bd3 40. f3 Kb3 0-1

[Event "2BLS 2223 Heilbronner SV - SF Heideshei"]
[Site "?"]
[Date "2023.02.05"]
[Round "6.6"]
[White "Pogan, Nikolas"]
[Black "Karst, Elmar"]
[Result "1/2-1/2"]
[WhiteElo "2202"]
[BlackElo "2285"]
[PlyCount "195"]
[EventDate "2023.??.??"]

1. Nf3 d5 2. g3 Bg4 3. Bg2 c6 4. h3 Bh5 5. d3 Nf6 6. O-O Nbd7 7. Nbd2 Bg6 8. Nh4 e5 9. c4 d4 10. Rb1 a5 11. Ndf3 Bd6 12. Ne1 Qe7 13. Nc2 O-O 14. b3 Nc5 15. a3 Rfd8 16. Nxg6 hxg6 17. b4 Na4 18. Bd2 axb4 19. axb4 e4 20. Qe1 Bc7 21. b5 Nc5 22. Nb4 cxb5 23. cxb5 Nh5 24. dxe4 Nxe4 25. Nd3 Ra2 26. Bb4 Bd6 27. Bxd6 Rxd6 28. Nb4 Ra8 29. Rb2 Nc3 30. Nd3 Re8 31. Bf3 Re6 32. g4 Nf6 33. Nf4 Rb6 34. Qd2 Qe5 35. Nd3 Qd6 36. Ra1 Nfe4 37. Qf4 Qd8 38. Kg2 Rf6 39. Qc1 Qd5 40. Nf4 Qd7 41. Nd3 Qd5 42. Nb4 Qd6 43. Nd3 Qb6 44. Ra3 Kh7 45. Ra1 Rd8 46. h4 Re8 47. Ra3 Qd8 48. Ra7 Qb8 49. Ra3 Kg8 50. Ra1 Qd8 51. Ra7 Rb6 52. Qh1 Qc8 53. Qc1 Qb8 54. Ra1 Qd8 55. Qf4 Rf6 56. Qh2 Rfe6 57. Nf4 Rb6 58. Nd3 Qd7 59. Qf4 Rf6 60. Qh2 Qd8 61. Qh1 Rb6 62. Qh2 Qd7 63. Qf4 Qe7 64. Qh2 g5 65. hxg5 Nxg5 66. Rh1 Rh6 67. Qf4 Rxh1 68. Kxh1 Nxf3 69. exf3 Ne2 70. Qd2 Qh4+ 71. Kg2 Re6 72. Qxe2 Rxe2 73. Rxe2 Qg5 74. Re8+ Kh7 75. Re5 Qd2 76. Nc5 Qb4 77. Nxb7 d3 78. Rh5+ Kg6 79. Rd5 Qc4 80. Rd6+ f6 81. b6 Qb4 82. Rxd3 Qxb6 83. Nd6 Qc6 84. Nf5 Qb7 85. Re3 Kg5 86. Re7 Qb4 87. Rxg7+ Kf4 88. Re7 Qb3 89. Re4+ Kg5 90. Nd4 Qb1 91. Ne6+ Kg6 92. Nd4 Qd1 93. Nf5 Kg5 94. Ng3 Qd7 95. Nf5 Qd1 96. Ng3 Qd7 97. Nf5 Qd1 98. Ng3 1/2-1/2

[Event "2BLS 2223 Heilbronner SV - SF Heideshei"]
[Site "?"]
[Date "2023.02.05"]
[Round "6.7"]
[White "Lantzsch, Christian"]
[Black "Kabisch, Thilo"]
[Result "0-1"]
[WhiteElo "2165"]
[BlackElo "2249"]
[PlyCount "82"]
[EventDate "2023.??.??"]

1. d4 Nf6 2. Bg5 e6 3. e4 h6 4. Bxf6 Qxf6 5. c3 d6 6. Nd2 g6 7. Bc4 Bg7 8. Ne2 O-O 9. O-O a6 10. a4 c5 11. f4 cxd4 12. cxd4 Nc6 13. Nf3 Bd7 14. Qd2 Rac8 15. Rfc1 Rfd8 16. b4 e5 17. d5 Nd4 18. Nexd4 exd4 19. e5 Qe7 20. Qxd4 Bg4 21. Re1 Bxf3 22. gxf3 dxe5 23. Bf1 Qh4 24. Qd2 exf4 25. Ra3 Qg5+ 26. Kh1 Rxd5 27. Qg2 Qh4 28. Rb1 Rcd8 29. Ra2 Bd4 30. Bc4 Rg5 31. Qe2 Be3 32. b5 a5 33. Rc2 Rd7 34. Bb3 Qh3 35. Rf1 Kg7 36. Ba2 b6 37. Bb3 Re7 38. Qd1 Bc5 39. Qa1+ Kh7 40. Bc4 Re3 41. Qf6 Qxf3+ 0-1